000 00588nam a2200217 i 4500
001 C2-0076725
003 PPAK
005 20180727082254.0
008 970429s1984 si a|||| ||||| | eng d
040 _aPPAK
_beng
_cPPAK
_erda
082 0 4 _a915.95804
_223
090 0 0 _a915.95804
_bHUL
_dR
100 1 _aHullett, Arthur,
_eauthor
245 1 0 _aPapineau's guide to Jakarta
264 1 _aSingapore :
_bMPH ,
_c1984
300 _a187 pages :
_billustrations ;
_c18 cm
336 _2rdacontent
_atext
337 _2rdamedia
_aunmediated
338 _2rdacarrier
_avolume
942 _ddc
_cB
999 _c12041
_d12041